Documentos diplomáticos (Record no. 57197)

MARC details
000 -LEADER
campo de control de longitud fija 00675nam a2200169 i 4500
001 - NÚMERO DE CONTROL
campo de control 57197
003 - IDENTIFICADOR DE NÚMERO DE CONTROL
campo de control ES-MaACL
005 - FECHA Y HORA DE LA ÚLTIMA TRANSACCIÓN
campo de control 20230906163531.0
007 - CAMPO FIJO DE DESCRIPCIÓN FÍSICA--INFORMACIÓN GENERAL
campo de control de longitud fija t|
008 - DATOS DE LONGITUD FIJA--INFORMACIÓN GENERAL
campo de control de longitud fija 031015q19101919sp ||||1| spa d
245 00 - MENCIÓN DEL TÍTULO
Título Documentos diplomáticos
Resto del título : 1905-1914 : comunicaciones enviadas por los representantes de Bélgica en Berlín, Londres y París al ministro de negocios extranjeros en Bruselas.
260 ## - PUBLICACIÓN, DISTRIBUCIÓN, ETC.
Lugar de publicación, distribución, etc. Barcelona :
Nombre del editor, distribuidor, etc. Servicio Alemán de Informaciones,
Fecha de publicación, distribución, etc. [1915-?]
300 ## - DESCRIPCIÓN FÍSICA
Extensión 320 p. :
Otras características físicas facs. ;
Dimensiones 23 cm.
650 04 - PUNTO DE ACCESO ADICIONAL DE MATERIA--TÉRMINO DE MATERIA
Término de materia o nombre geográfico como elemento de entrada Guerra mundial, 1914-1918-
Subdivisión general Historia diplomática.
9 (RLIN) 13221
650 #4 - PUNTO DE ACCESO ADICIONAL DE MATERIA--TÉRMINO DE MATERIA
Término de materia o nombre geográfico como elemento de entrada Guerra mundial, 1914-1918-
Subdivisión geográfica Bélgica.
9 (RLIN) 158946
852 ## - LOCALIZACIÓN
Ubicación ES-MaACL
Número de control de estantería B-12243
Holdings
Estatus retirado Estado de pérdida Estado de daño No para préstamo Biblioteca de origen Biblioteca actual Ubicación en estantería Fecha de adquisición Fuente de adquisición Total de préstamos Signatura topográfica completa Código de barras Visto por última vez Precio de reemplazo Tipo de ítem Koha
        Biblioteca del Ateneo de Madrid Biblioteca del Ateneo de Madrid Sala Pardo Bazán 17/01/2008     B-12243 1060055 23/02/2023 23/02/2023 Libro impreso